000 00688nam a2200241 i 4500
001 C2-0230391
003 PPAK
005 20180728083454.0
008 001029s1996 my a|||| ||||| | may d
020 _a9679061639
040 _aPPAK
_beng
_cPPAK
_erda
082 0 4 _a153.93
_223
090 0 0 _a153.93
_bTEE
_dG
100 1 _aTee, Ping,
_eauthor
245 1 0 _aCabaran dengan I.Q : soalan-soalan yang berdasarkan I. Q. mensa
264 1 _aKuala Lumpur :
_bEdusystem ,
_c1996
300 _av, 114 pages :
_billustrations ;
_c22 cm
336 _2rdacontent
_atext
337 _2rdamedia
_aunmediated
338 _2rdacarrier
_avolume
650 1 0 _aIntelligence tests
942 _ddc
_cB
999 _c150039
_d150039